000 00288nam a22001097a 4500
008 170110b xxu||||| |||| 00| 0 eng d
020 _a0801650038
041 _aeng
080 _a618.2
245 _aTEXTBOOK OF CRITICAL CARE NURSING
_cTHELAN, L.A & DAVIE, J.K & URDEN, L.D
942 _2udc
_cBK
999 _c2623
_d2623